Generación de modelos de negocio. Un manual para visionarios, revolucionarios y retadores.
I tiakina i:
| Kaituhi matua: | |
|---|---|
| Ētahi atu kaituhi: | , |
| Hōputu: | Pukapuka |
| I whakaputaina: |
Barcelona, España:
Deusto,
2013.
|
| Putanga: | Séptima edición. |
| Ngā marau: | |
| Ngā Tūtohu: |
Tāpirihia he Tūtohu
Kāore He Tūtohu, Me noho koe te mea tuatahi ki te tūtohu i tēnei pūkete!
|
MARC
| LEADER | 00000nam a22000007a 4500 | ||
|---|---|---|---|
| 003 | CL-VaPUC | ||
| 005 | 20250407202438.0 | ||
| 008 | 250307t2013 ||||| |||| 00| 0 eng d | ||
| 999 | |c 447161 |d 447159 | ||
| 020 | |a 978-84-234-2799-4 | ||
| 040 | |c Pontificia Universidad Católica de Valparaíso | ||
| 082 | |a 658.404 OST 2013 |2 22 | ||
| 100 | |a Osterwalder, Alexander |e autor |9 866511 | ||
| 245 | 1 | 0 | |a Generación de modelos de negocio. |b Un manual para visionarios, revolucionarios y retadores. |
| 250 | |a Séptima edición. | ||
| 260 | |a Barcelona, España: |b Deusto, |c 2013. | ||
| 300 | |a 278 páginas : |b ilustraciones. | ||
| 500 | |a c.1.-c.3. Instituto Arcos 8-1-2025. | ||
| 583 | |k Cristina María Rojas Aguilar |c 20220302 | ||
| 650 | 0 | |a Modelos de negocio |9 565102 | |
| 650 | 0 | |a Planificación estratégica |9 259735 | |
| 650 | 0 | |a Planificación empresarial |9 259791 | |
| 700 | |a Pigneur, Yves |9 564512 |e autor | ||
| 700 | |a Vázquez Cao, Lara |e traducción |9 866844 | ||
| 942 | |2 ddc |c BK |n 0 | ||
| 952 | |0 0 |1 0 |2 ddc |4 0 |6 658_404000000000000_OST_2013 |7 0 |8 A |9 600745 |a BIBINC |b BIBINC |d 2025-03-07 |e Instituto Arcos |i 5665655 |o 658.404 OST 2013 |p 5665655 |r 2025-03-07 |t 1 |w 2025-03-07 |y BK |k IFP | ||
| 952 | |0 0 |1 0 |2 ddc |4 0 |6 658_404000000000000_OST_2013 |7 0 |8 A |9 600746 |a BIBINC |b BIBINC |d 2025-03-07 |e Instituto Arcos |i 5665656 |o 658.404 OST 2013 |p 5665656 |r 2025-03-07 |t 2 |w 2025-03-07 |y BK |k IFP | ||
| 952 | |0 0 |1 0 |2 ddc |4 0 |6 658_404000000000000_OST_2013 |7 0 |8 A |9 600747 |a BIBINC |b BIBINC |d 2025-03-07 |e Instituto Arcos |i 5665657 |o 658.404 OST 2013 |p 5665657 |r 2025-03-07 |t 3 |w 2025-03-07 |y BK |k IFP | ||